Generazioni dei Pokémon - Quiz n°1 - Statistics

Statistiche generali
  • Questo quiz è stato fatto 23 volte
  • Il punteggio medio è 10 su 15
Statistiche sulle risposte
Hint Risposta % Corretto
Ekans Prima
89%
Nidoqueen Prima
89%
Prinplup Quarta
79%
Woobat Quinta
79%
Corvisquire Ottava
74%
Eiscue Ottava
74%
Pheromosa Settima
74%
Politoed Seconda
68%
Lurantis Settima
68%
Incineroar Settima
68%
Illumise Terza
68%
Gligar Seconda
63%
Budew Quarta
58%
Meltan Settima
47%
Scatterbug Sesta
42%
Nessun quiz corrispondente trovato
Distribuzione punteggi
Percentuale di utenti per punteggio
Percentile per numero di risposta
I tuoi punteggi nel tempo
Non hai fatto questo quiz